Statistiques concernant Les pays commençant et se terminant par la même lettre

Cliquez ici pour prendre le quiz!

Statistiques générales

  • Ce quiz a été pris 1 442 fois
  • Le résultat moyen est 5 sur 10

Statistiques - réponses

Nom du pays% Correct
5Espagne
82%
6Estonie
79%
4Erythrée
73%
7Ethiopie
69%
3Egypte
63%
1Angola
61%
2Antigua-et-Barbuda
30%
10Seychelles
26%
8Saint-Kitts-et-Nevis
20%
9Saint-Vincent-et-les-Grenadines
17%

Distribution des résultats

Percentile par nombre de réponses

% des personnes avec chaque résultat

Votre développement - résultats

Vous n’avez pas pris ce quiz